000
00256pam a2200121 a 4500
020
_c
041
_a
eng
100
_a
Toad,R.T.
245
_a
The Student Manual
_h
Textual Documents
260
_a
[s.l]:
_b
George Routedge
300
_a
283p.
930
_a
15287
999
_c
92187
_d
92187